[Event "POL-chT3 1112"]
[Site "Poland"]
[Date "2012.04.22"]
[Round "11.19"]
[White "Krainski, Jaroslaw"]
[Black "Ziolkowski, Dawid"]
[Result "0-1"]
[WhiteElo "2033"]
[BlackElo "2152"]
[PlyCount "40"]
[EventDate "2011.11.06"]
[EventType "team-tourn"]
[EventRounds "11"]
[EventCountry "POL"]
[SourceTitle "EXT 2015"]
[Source "ChessBase"]
[SourceDate "2014.11.20"]
[SourceVersion "1"]
[SourceVersionDate "2014.11.20"]
[SourceQuality "1"]
[WhiteTeam "Grudziadz Rotmistrz III"]
[BlackTeam "Bydgoszcz SSz Pocztowiec"]
[WhiteTeamCountry "POL"]
[BlackTeamCountry "POL"]

1. d4 Nf6 2. c4 c5 3. d5 b5 4. cxb5 a6 5. e3 axb5 6. Bxb5 Qa5+ 7. Nc3 Ba6 8. Qd3 Bxb5 9. Qxb5 Qxb5 10. Nxb5 Nxd5 11. e4 Ra5 12. Nd6+ exd6 13. exd5 Na6 14. Bd2 Rb5 15. Bc3 Nb4 16. Bxb4 Rxb4 17. 0-0-0 g6 18. Re1+ Kd8 19. Ne2 Bg7 20. Nc3 Be5 0-1

[Event "POL-chT3 1112"]
[Site "Poland"]
[Date "2012.02.26"]
[Round "7.31"]
[White "Krainski, Jaroslaw"]
[Black "Paprocki, Jaroslaw"]
[Result "0-1"]
[WhiteElo "2033"]
[BlackElo "2229"]
[PlyCount "80"]
[EventDate "2011.11.06"]
[EventType "team-tourn"]
[EventRounds "11"]
[EventCountry "POL"]
[SourceTitle "EXT 2015"]
[Source "ChessBase"]
[SourceDate "2014.11.20"]
[SourceVersion "1"]
[SourceVersionDate "2014.11.20"]
[SourceQuality "1"]
[WhiteTeam "Grudziadz Rotmistrz III"]
[BlackTeam "Bydgoszcz Wiartrak"]
[WhiteTeamCountry "POL"]
[BlackTeamCountry "POL"]

1. d4 Nf6 2. Nf3 e6 3. e3 d5 4. Bd3 c5 5. b3 b6 6. Bb2 Bb7 7. Nbd2 Be7 8. 0-0 0-0 9. Ne5 Nc6 10. f4 cxd4 11. Nxc6 Bxc6 12. exd4 Ne4 13. Qe2 f5 14. Nf3 Rc8 15. Ne5 Bb7 16. g4 Bd6 17. g5 Bxe5 18. dxe5 b5 19. Bd4 a6 20. Rf3 Qa5 21. Rh3 Qb4 22. Qe3 Rf7 23. a3 Qd2 24. Qf3 Rxc2 25. Rd1 Rc1 26. Rxc1 Qxc1+ 27. Qf1 Qxa3 28. Qd1 Rc7 29. Be3 g6 30. Bxe4 fxe4 31. Qd4 Qxb3 32. Qb6 Qd1+ 33. Kf2 Qc2+ 34. Kg3 Qc6 35. Qa7 Bc8 36. Qd4 Qc3 37. Qb6 Qc6 38. Qd4 Qc3 39. Qb6 d4 40. Qd6 Qe1+ 0-1

[Event "POL-chT3 1112"]
[Site "Poland"]
[Date "2012.01.??"]
[Round "5.31"]
[White "Sliwicki, Damian"]
[Black "Krainski, Jaroslaw"]
[Result "1-0"]
[WhiteElo "1950"]
[BlackElo "2033"]
[PlyCount "78"]
[EventDate "2011.11.06"]
[EventType "team-tourn"]
[EventRounds "11"]
[EventCountry "POL"]
[SourceTitle "EXT 2015"]
[Source "ChessBase"]
[SourceDate "2014.11.20"]
[SourceVersion "1"]
[SourceVersionDate "2014.11.20"]
[SourceQuality "1"]
[WhiteTeam "Torun UKS OPP"]
[BlackTeam "Grudziadz Rotmistrz III"]
[WhiteTeamCountry "POL"]
[BlackTeamCountry "POL"]

1. e4 c6 2. d4 d5 3. Nc3 dxe4 4. Nxe4 Bf5 5. Ng3 Bg6 6. h4 h6 7. f4 e6 8. Nf3 Nd7 9. Bd3 Bxd3 10. Qxd3 Bd6 11. Bd2 Qc7 12. Ne5 Ne7 13. Ne4 f5 14. Nxd6+ Qxd6 15. Nc4 Qd5 16. Bb4 c5 17. dxc5 Qxd3 18. cxd3 Nd5 19. Nd6+ Ke7 20. Ba3 Nxf4 21. 0-0 g5 22. Nxb7 Ne5 23. c6+ Kf6 24. Rxf4 gxf4 25. c7 Rac8 26. Rc1 Nxd3 27. Rc3 Ne5 28. Nd6 Nf7 29. Nxc8 Rxc8 30. Bc5 a6 31. b4 e5 32. Bb6 Ke6 33. Ra3 Nd6 34. Rxa6 Kd5 35. a4 Ne8 36. Ra7 Kc6 37. a5 Kb5 38. Rb7 Kc6 39. Rb8 Kd7 1-0

[Event "POL-chT 2st League"]
[Site "Mrzezyno"]
[Date "2010.09.09"]
[Round "6.61"]
[White "Zolnierowicz, Krzysztof"]
[Black "Krainski, Jaroslaw"]
[Result "1-0"]
[WhiteElo "2228"]
[BlackElo "2048"]
[PlyCount "47"]
[EventDate "2010.09.04"]
[EventType "team-swiss"]
[EventRounds "9"]
[EventCountry "POL"]
[SourceTitle "EXT 2019"]
[Source "ChessBase"]
[SourceDate "2018.10.10"]
[SourceVersion "1"]
[SourceVersionDate "2018.10.10"]
[SourceQuality "1"]
[WhiteTeam "Torun AZS UMK"]
[BlackTeam "Grudziadz Rotmistrz II"]
[WhiteTeamCountry "POL"]
[BlackTeamCountry "POL"]

1. e4 c6 2. d3 d5 3. Nd2 e5 4. Ngf3 Bd6 5. d4 exd4 6. exd5 cxd5 7. Nxd4 Nc6 8. N2f3 Nf6 9. Be2 0-0 10. 0-0 a6 11. Bg5 h6 12. Bh4 g5 13. Bg3 Ne4 14. c4 Nxd4 15. Qxd4 Nxg3 16. hxg3 dxc4 17. Rad1 Be7 18. Qe5 Qe8 19. Bxc4 Qc6 20. Qxe7 Qxc4 21. Rd6 Be6 22. Re1 Qg4 23. Rexe6 fxe6 24. Rd7 1-0

[Event "POL-chT 2st League"]
[Site "Mrzezyno"]
[Date "2010.09.08"]
[Round "5.43"]
[White "Krainski, Jaroslaw"]
[Black "Murdzia, Piotr"]
[Result "0-1"]
[WhiteElo "2048"]
[BlackElo "2477"]
[PlyCount "92"]
[EventDate "2010.09.04"]
[EventType "team-swiss"]
[EventRounds "9"]
[EventCountry "POL"]
[SourceTitle "EXT 2019"]
[Source "ChessBase"]
[SourceDate "2018.10.10"]
[SourceVersion "1"]
[SourceVersionDate "2018.10.10"]
[SourceQuality "1"]
[WhiteTeam "Grudziadz Rotmistrz II"]
[BlackTeam "Gdynia Korsarz"]
[WhiteTeamCountry "POL"]
[BlackTeamCountry "POL"]

1. e4 c5 2. Nf3 d6 3. d4 cxd4 4. Nxd4 Nf6 5. Nc3 a6 6. Bc4 b5 7. Bb3 Bb7 8. 0-0 Nbd7 9. Kh1 Nc5 10. f3 e6 11. Bg5 Be7 12. Qe1 0-0 13. Rd1 Qc7 14. Bh4 Rfe8 15. Bg3 Rad8 16. Qe3 Qb8 17. Rd2 Nfd7 18. Rfd1 Ne5 19. Bxe5 dxe5 20. Nde2 h6 21. Rxd8 Rxd8 22. Rxd8+ Qxd8 23. Qc1 Bc6 24. Qd1 Qc7 25. Ng3 a5 26. a3 Qb8 27. Nb1 b4 28. Nd2 Nxb3 29. cxb3 bxa3 30. bxa3 Bxa3 31. Nc4 Bb4 32. Nf1 Bb5 33. Nfe3 Qc7 34. Qd3 f6 35. g4 Qc5 36. Qc2 Qd4 37. Kg2 Bc5 38. Kg3 Kh7 39. Kg2 Bb4 40. Kh3 Qa1 41. Kg2 Qe1 42. Qf2 Qc3 43. Qa2 Bc5 44. Nd1 Qe1 45. Qxa5 Qxd1 46. Qxb5 Qg1+ 0-1

[Event "POL-chT 2st League"]
[Site "Mrzezyno"]
[Date "2010.09.05"]
[Round "2.91"]
[White "Gryniakow, Jaroslaw"]
[Black "Krainski, Jaroslaw"]
[Result "1/2-1/2"]
[WhiteElo "2220"]
[BlackElo "2048"]
[PlyCount "63"]
[EventDate "2010.09.04"]
[EventType "team-swiss"]
[EventRounds "9"]
[EventCountry "POL"]
[SourceTitle "EXT 2019"]
[Source "ChessBase"]
[SourceDate "2018.10.10"]
[SourceVersion "1"]
[SourceVersionDate "2018.10.10"]
[SourceQuality "1"]
[WhiteTeam "Klub Szachowy Torfarm 64"]
[BlackTeam "Grudziadz Rotmistrz II"]
[WhiteTeamCountry "POL"]
[BlackTeamCountry "POL"]

1. e4 e6 2. d4 d5 3. exd5 exd5 4. Nf3 Nf6 5. Bd3 Bd6 6. 0-0 0-0 7. Bg5 Bg4 8. Nbd2 Nbd7 9. Re1 Re8 10. Rxe8+ Qxe8 11. Qe1 Qxe1+ 12. Rxe1 Re8 13. Rxe8+ Nxe8 14. c3 Bh5 15. Kf1 Bg6 16. Bxg6 hxg6 17. Bh4 f6 18. Bg3 Kf7 19. Ke2 Bxg3 20. hxg3 Nd6 21. Kd3 c6 22. Ng1 g5 23. Ne2 Nf8 24. f3 Ne6 25. Ke3 Ke7 26. Nc1 Nf5+ 27. Kf2 Nd6 28. Ke3 Nf5+ 29. Kf2 Nd6 30. Ke3 Nf5+ 31. Kf2 Nd6 32. Ke3 1/2-1/2

[Event "POL-chT 2st League"]
[Site "Mrzezyno"]
[Date "2010.09.04"]
[Round "1.79"]
[White "Krainski, Jaroslaw"]
[Black "Tymrakiewicz, Rafal"]
[Result "0-1"]
[WhiteElo "2048"]
[BlackElo "2318"]
[PlyCount "62"]
[EventDate "2010.09.04"]
[EventType "team-swiss"]
[EventRounds "9"]
[EventCountry "POL"]
[SourceTitle "EXT 2019"]
[Source "ChessBase"]
[SourceDate "2018.10.10"]
[SourceVersion "1"]
[SourceVersionDate "2018.10.10"]
[SourceQuality "1"]
[WhiteTeam "Grudziadz Rotmistrz II"]
[BlackTeam "Chroscice LZS Victoria"]
[WhiteTeamCountry "POL"]
[BlackTeamCountry "POL"]

1. e4 Nf6 2. e5 Nd5 3. d4 d6 4. Nf3 g6 5. Be2 Bg7 6. 0-0 0-0 7. c4 Nb6 8. h3 dxe5 9. Nxe5 Nc6 10. Nxc6 bxc6 11. c5 Nd5 12. Nc3 Rb8 13. Bf3 Rb4 14. Nxd5 cxd5 15. Be3 Rxb2 16. Qa4 Bf5 17. Qxa7 e5 18. dxe5 Bxe5 19. Rad1 c6 20. Bd4 Bxd4 21. Rxd4 Qf6 22. Qa4 Rxa2 23. Qxa2 Qxd4 24. Qa5 Kg7 25. Bd1 Re8 26. Bf3 Qf6 27. Bd1 Rb8 28. Ba4 Bd3 29. Re1 Rb2 30. f3 Qd4+ 31. Kh2 Ra2 0-1

[Event "POL-chT3 Kujawsko Pomorskie 0910"]
[Site "Poland"]
[Date "2010.02.07"]
[Round "7.27"]
[White "Wisniewski, Jaroslaw"]
[Black "Krainski, Jaroslaw"]
[Result "1-0"]
[WhiteElo "1978"]
[BlackElo "2094"]
[PlyCount "197"]
[EventDate "2009.11.08"]
[EventType "team-tourn"]
[EventRounds "11"]
[EventCountry "POL"]
[SourceTitle "EXT 2020"]
[Source "ChessBase"]
[SourceDate "2019.10.17"]
[SourceVersion "1"]
[SourceVersionDate "2019.10.17"]
[SourceQuality "1"]

1. e4 Nf6 2. Nc3 d5 3. e5 Ne4 4. f4 Nxc3 5. dxc3 c5 6. Nf3 Nc6 7. Bb5 Bg4 8. 0-0 e6 9. h3 Bh5 10. Bxc6+ bxc6 11. Be3 Be7 12. Qe1 Bg6 13. Qf2 Qa5 14. a3 0-0 15. b4 Qa4 16. Bxc5 Bxc5 17. Qxc5 Bxc2 18. Nd4 Rfc8 19. g4 Bd3 20. Rf2 Qa6 21. Kh2 Qb6 22. Nb3 Qc7 23. Qd4 Bg6 24. Nc5 Re8 25. Re1 h6 26. Kg2 Qd8 27. Re3 Qh4 28. f5 Bh7 29. Rg3 a5 30. fxe6 fxe6 31. g5 Qxd4 32. cxd4 hxg5 33. Rxg5 axb4 34. axb4 Re7 35. Rg3 Bf5 36. Rb3 Rea7 37. b5 cxb5 38. Rxb5 Ra1 39. Rb6 R8a3 40. Rb3 Rxb3 41. Nxb3 Be4+ 42. Kh2 Rh1+ 43. Kg3 Bf5 44. Rh2 Rb1 45. Nd2 Rb4 46. Nf3 Rb3 47. Kf4 Rd3 48. h4 Kf7 49. h5 Ke7 50. Rb2 g5+ 51. hxg6 Bxg6 52. Rb7+ Kd8 53. Rb4 Rd1 54. Ng5 Bf5 55. Nf7+ Kc7 56. Nd6 Rf1+ 57. Kg5 Kc6 58. Kf6 Bh3+ 59. Ke7 Rf4 60. Nf7 Rg4 61. Nd8+ Kc7 62. Nxe6+ Kc6 63. Kf6 Rh4 64. Nd8+ Kd7 65. Nb7 Rf4+ 66. Kg5 Rg4+ 67. Kh5 Rf4 68. Nc5+ Kc6 69. Kg5 Rg4+ 70. Kf6 Rf4+ 71. Ke7 Rh4 72. Na4 Rh7+ 73. Kf6 Rh6+ 74. Kg5 Rh8 75. Rb6+ Kc7 76. Rd6 Rg8+ 77. Kf6 Bg2 78. Nc3 Rh8 79. Nxd5+ Kc8 80. Ne7+ Kc7 81. d5 Rh6+ 82. Ng6 Be4 83. Kg7 Rh5 84. Kf6 Bxg6 85. Re6 Bf5 86. Re7+ Kd8 87. Ra7 Bc8 88. e6 Rh6+ 89. Ke5 Rh1 90. Kd6 Bxe6 91. Kxe6 Rh6+ 92. Ke5 Rh5+ 93. Kd6 Rh6+ 94. Kc5 Rh5 95. Kc6 Rh1 96. Ra8+ Ke7 97. d6+ Kf7 98. d7 Ke7 99. Re8+ 1-0

[Event "POL-chT3 Kujawsko Pomorskie 0910"]
[Site "Poland"]
[Date "2009.11.22"]
[Round "2.16"]
[White "Wisniewski, Adam"]
[Black "Krainski, Jaroslaw"]
[Result "1-0"]
[WhiteElo "2074"]
[BlackElo "2094"]
[PlyCount "107"]
[EventDate "2009.11.08"]
[EventType "team-tourn"]
[EventRounds "11"]
[EventCountry "POL"]
[SourceTitle "EXT 2020"]
[Source "ChessBase"]
[SourceDate "2019.10.17"]
[SourceVersion "1"]
[SourceVersionDate "2019.10.17"]
[SourceQuality "1"]

1. e4 c6 2. c4 d5 3. exd5 cxd5 4. cxd5 a6 5. Nc3 Nf6 6. d4 g6 7. Nf3 Bg7 8. Ne5 0-0 9. Qb3 Ne8 10. Be2 Nd6 11. Bf4 Nd7 12. Rd1 Qb6 13. Qxb6 Nxb6 14. 0-0 g5 15. Be3 f6 16. Nd3 Bf5 17. Nc5 Rab8 18. h3 Rfc8 19. b3 Bg6 20. g4 Bf7 21. Bf3 Rc7 22. a4 Nd7 23. a5 Rbc8 24. N3a4 Nf8 25. Nb6 Rd8 26. Rc1 Re8 27. Rfd1 Ng6 28. Ne6 Rxc1 29. Rxc1 Nh4 30. Be2 h6 31. f3 f5 32. Rc7 f4 33. Bf2 Ng6 34. Nc5 Rd8 35. Bc4 Rb8 36. Nbd7 Rd8 37. Nxb7 Ra8 38. Nb6 Ra7 39. Nxd6 Rxc7 40. Nxf7 Kxf7 41. d6+ Rxc4 42. d7 Rc1+ 43. Kg2 Rc2 44. d8Q Nh4+ 45. Kf1 Rc1+ 46. Be1 e6 47. Qd7+ Kf8 48. Qxe6 Bh8 49. Nd7+ Kg7 50. Ne5 Kh7 51. Ke2 Bxe5 52. dxe5 Rc2+ 53. Kd3 Rc7 54. Bxh4 1-0

[Event "NATO-ch 20th"]
[Site "Hammelburg"]
[Date "2009.06.17"]
[Round "4"]
[White "Hole, Oystein"]
[Black "Krainski, Jaroslaw"]
[Result "1-0"]
[WhiteElo "2401"]
[BlackElo "2072"]
[PlyCount "63"]
[EventDate "2009.06.15"]
[EventType "swiss"]
[EventRounds "7"]
[EventCountry "GER"]
[SourceTitle "CBM 130 Extra"]
[Source "ChessBase"]
[SourceDate "2009.07.02"]
[SourceVersion "2"]
[SourceVersionDate "2009.07.15"]
[SourceQuality "1"]

1. Nf3 Nf6 2. c4 e6 3. Nc3 d5 4. d4 Bb4 5. cxd5 exd5 6. Bg5 h6 7. Bh4 g5 8. Bg3 Ne4 9. Nd2 Nxg3 10. hxg3 Bf8 11. e3 Bg7 12. Bd3 c6 13. Nf3 Nd7 14. Qc2 Nf6 15. 0-0-0 Be6 16. Ne5 0-0 17. f4 gxf4 18. gxf4 Ng4 19. Qe2 Nxe5 20. dxe5 Qc8 21. Rh4 f6 22. exf6 Rxf6 23. g4 Rf8 24. Bc2 Qd8 25. Qh2 Qb6 26. Rxh6 Qxe3+ 27. Kb1 Kf7 28. Rh3 Qb6 29. f5 Bd7 30. g5 Rh8 31. g6+ Ke7 32. Re1+ 1-0

[Event "POL-chT3 Kujawsko Pomorskie 0809"]
[Site "Poland"]
[Date "2009.03.15"]
[Round "10.34"]
[White "Bieganowski, Roman"]
[Black "Krainski, Jaroslaw"]
[Result "0-1"]
[WhiteElo "1971"]
[BlackElo "2072"]
[PlyCount "90"]
[EventDate "2008.11.09"]
[EventType "team-tourn"]
[EventRounds "11"]
[EventCountry "POL"]
[SourceTitle "EXT 2019"]
[Source "ChessBase"]
[SourceDate "2018.10.10"]
[SourceVersion "1"]
[SourceVersionDate "2018.10.10"]
[SourceQuality "1"]

1. e4 c6 2. d4 d5 3. exd5 cxd5 4. c3 Nc6 5. Bd3 Nf6 6. Bf4 g6 7. Nf3 Bf5 8. Bxf5 gxf5 9. 0-0 e6 10. Re1 Bg7 11. Ne5 0-0 12. Nd2 Rc8 13. Qf3 Ne4 14. Nxc6 Rxc6 15. Qh5 Qf6 16. Nb3 b6 17. Nc1 Qg6 18. Qe2 Kh8 19. Qa6 Rg8 20. g3 Ra8 21. Nd3 Rcc8 22. Be5 Ng5 23. Re3 Bxe5 24. Nxe5 Qg7 25. Rf1 Ne4 26. Qe2 Kg8 27. Qh5 Rc7 28. Rd1 Kh8 29. Rf3 Rg8 30. Rf4 Nf6 31. Qh3 Qg5 32. Rh4 Qg7 33. Re1 Ne4 34. Nf3 b5 35. a3 a5 36. Ne5 b4 37. cxb4 axb4 38. f3 Ng5 39. Qg2 bxa3 40. bxa3 Rc3 41. Rf1 Rxa3 42. Rh5 f6 43. f4 Ne4 44. Nf3 Rga8 45. Qb2 Ra2 0-1

[Event "POL-chT 1st League"]
[Site "Ustron"]
[Date "2008.09.14"]
[Round "9"]
[White "Barglowski, Filip"]
[Black "Krainski, Jaroslaw"]
[Result "1/2-1/2"]
[WhiteElo "2342"]
[BlackElo "2081"]
[PlyCount "71"]
[EventDate "2008.09.06"]
[EventType "team-tourn"]
[EventRounds "9"]
[EventCountry "POL"]
[SourceTitle "CBM 126 Extra"]
[Source "ChessBase"]
[SourceDate "2008.11.05"]
[SourceVersion "1"]
[SourceVersionDate "2008.11.05"]
[SourceQuality "1"]
[WhiteTeam "Legnica Miedz"]
[BlackTeam "Znin Baszta"]
[WhiteTeamCountry "POL"]
[BlackTeamCountry "POL"]

1. e4 c6 2. d4 d5 3. Nd2 dxe4 4. Nxe4 Nd7 5. Bc4 Ngf6 6. Ng5 e6 7. Ne2 h6 8. Nf3 Bd6 9. Bf4 Qc7 10. Qd2 Nd5 11. Bxd6 Qxd6 12. 0-0-0 Qb4 13. Qd3 b5 14. Bb3 a5 15. c3 Qd6 16. Ng3 a4 17. Bc2 b4 18. c4 b3 19. axb3 Nb4 20. Qe3 a3 21. bxa3 Na2+ 22. Kd2 Qxa3 23. Ne4 Qb4+ 24. Nc3 0-0 25. Bb1 Nf6 26. Kc2 Ng4 27. Qd2 Nxc3 28. Qxc3 Qxc3+ 29. Kxc3 Nxf2 30. Ne5 Bb7 31. Nd7 Nxd1+ 32. Rxd1 Rfd8 33. Nc5 Ra7 34. Re1 Ba8 35. g3 Bb7 36. Be4 1/2-1/2

[Event "POL-ch Army"]
[Site "Kolobrzeg"]
[Date "2008.03.12"]
[Round "6"]
[White "Krainski, Jaroslaw"]
[Black "Sypien, Mateusz"]
[Result "1/2-1/2"]
[WhiteElo "2048"]
[BlackElo "2229"]
[PlyCount "60"]
[EventDate "2008.03.11"]
[EventType "swiss"]
[EventRounds "9"]
[EventCountry "POL"]
[SourceTitle "EXT 2010"]
[Source "ChessBase"]
[SourceDate "2010.11.25"]
[SourceVersion "1"]
[SourceVersionDate "2010.11.25"]
[SourceQuality "1"]

1. e4 c5 2. Nf3 Nc6 3. d4 cxd4 4. Nxd4 g6 5. Nc3 Bg7 6. Nb3 d6 7. Be2 Nf6 8. 0-0 0-0 9. Bg5 Be6 10. Kh1 Qc8 11. f4 Rd8 12. Bf3 Bg4 13. Nd5 Bxf3 14. Qxf3 Re8 15. Bxf6 Bxf6 16. Nxf6+ exf6 17. f5 g5 18. c3 Re5 19. Rad1 Qc7 20. Rd3 Rae8 21. Nd2 b5 22. Qh5 Na5 23. Nf3 Rc5 24. b4 Rxc3 25. Rxc3 Qxc3 26. bxa5 Rxe4 27. Nxg5 fxg5 28. Qxg5+ Qg7 29. Qd8+ Qf8 30. Qg5+ Qg7 1/2-1/2

[Event "POL-chT3 Kujawsko Pomorskie 0708"]
[Site "Poland"]
[Date "2008.02.24"]
[Round "8.34"]
[White "Grajczak, Adrian"]
[Black "Krainski, Jaroslaw"]
[Result "0-1"]
[WhiteElo "1995"]
[BlackElo "2053"]
[PlyCount "112"]
[EventDate "2007.11.04"]
[EventType "team-tourn"]
[EventRounds "11"]
[EventCountry "POL"]
[SourceTitle "EXT 2019"]
[Source "ChessBase"]
[SourceDate "2018.10.10"]
[SourceVersion "1"]
[SourceVersionDate "2018.10.10"]
[SourceQuality "1"]

1. e4 c6 2. d4 d5 3. f3 dxe4 4. fxe4 e5 5. Nf3 Bg4 6. Bc4 Nf6 7. Bxf7+ Ke7 8. Bb3 Bxf3 9. Qxf3 Qxd4 10. Nc3 Kd8 11. Bg5 Kc7 12. Rd1 Qb6 13. Bxf6 gxf6 14. Qxf6 Qe3+ 15. Ne2 Nd7 16. Qxh8 Bb4+ 17. c3 Bxc3+ 18. bxc3 Rxh8 19. Rf1 Nc5 20. Bc2 Rg8 21. Rf3 Qh6 22. Rh3 Qg7 23. Rg3 Qf7 24. Bb1 Rxg3 25. Nxg3 Qc4 26. Kd2 Na4 27. Rc1 Qc5 28. Nh1 b5 29. Bd3 Nb6 30. Re1 Qa3 31. Rf1 Qxa2+ 32. Bc2 Nc4+ 33. Kd3 Na3 34. Rf2 Qc4+ 35. Kd2 b4 36. Rf3 Nxc2 37. Kxc2 Qa2+ 38. Kd3 Qb3 39. Kd2 Qb2+ 40. Ke3 Qxc3+ 41. Kf2 Qc2+ 42. Kg3 b3 43. Nf2 b2 44. Ng4 Qxe4 45. Nf2 Qxf3+ 46. gxf3 b1Q 47. Ng4 Qf5 48. h4 a5 49. Kg2 a4 50. Ne3 Qf4 51. Ng4 e4 52. fxe4 Qxg4+ 53. Kh2 a3 54. e5 a2 55. e6 a1Q 56. e7 Qag1# 0-1